000 00562nam a2200193 a 4500
003 AM-YeHGA
005 20250618074800.0
008 171206s2017 ai |||||r|||||||||1|arm|d
020 _a9789939823362
040 _aAM-YeHGA
041 0 _aarm
100 0 _aՀակոբ Մովսես,
_d1952-
_91354
245 1 0 _aԳրառումներ 2 /
_cՀ. Մովսես.
260 _aԵրևան :
_bՀայագիտակ,
_c2017.
300 _a359 էջ :
_c19 սմ.
650 1 4 _aՀայ գրականություն
_xԱֆորիզմներ
942 _2udc
_cBK
090 _c398227
999 _c396162
_d396162